| 000 | 00423pab a2200169 454500 | ||
|---|---|---|---|
| 008 | 180718b2004 xxu||||| |||| 00| 0 eng d | ||
| 100 | _aNarayana, M.R. | ||
| 245 | _aWTO impact on SSIs in India | ||
| 260 | _c2004 | ||
| 300 | _ap.11-20. | ||
| 362 | _aJan-Mar | ||
| 650 | _aIndia - Industries, Small scale | ||
| 650 | _aWorld Trade Organization | ||
| 650 | _aSmall scale industry | ||
| 773 | _aMargin | ||
| 909 | _a60287 | ||
| 999 |
_c60287 _d60287 |
||